| 000 | 00508ntaaa2200193 4500 | ||
|---|---|---|---|
| 003 | 01 | ||
| 005 | 20251027201020.0 | ||
| 008 | 0714s1973 ag 01 | ||
| 040 |
_aAR-BaBN _bspa _cAR-BaBN _eaacr _dRIC |
||
| 082 | _a136.7354 Sw7 | ||
| 100 |
_aSwor, Chester E. _92591 |
||
| 245 |
_aThe teenage slant / _cChester E. Swor |
||
| 250 | _a1 ed. | ||
| 260 |
_aNashville : _bBroadman Press, _cc/1963 |
||
| 300 | _a63 p. | ||
| 500 | _aAyudando a los jovenes con sus problemas | ||
| 650 |
_aJovenes _91664 |
||
| 942 | _cBK | ||
| 999 |
_c4227 _d4227 |
||